An RFLP species-specific DNA sequence for the A genome of rice (Record no. 54196)

MARC details
000 -LEADER
fixed length control field 00346nam a2200133Ia 4500
100 ## - MAIN ENTRY--AUTHOR NAME
Personal name Dallas John F
245 #3 - TITLE STATEMENT
Title An RFLP species-specific DNA sequence for the A genome of rice
260 ## - PUBLICATION, DISTRIBUTION, ETC. (IMPRINT)
Name of publisher Genome
Year of publication 1993
300 ## - PHYSICAL DESCRIPTION
Number of Pages 445-448
650 ## - SUBJECT ADDED ENTRY--TOPICAL TERM
Topical Term Oryza sativa
650 ## - SUBJECT ADDED ENTRY--TOPICAL TERM
Topical Term RFLP
942 ## - ADDED ENTRY ELEMENTS (KOHA)
Koha item type Journals
Holdings
Withdrawn status Lost status Damaged status Not for loan Home library Current library Shelving location Date acquired Serial Enumeration / chronology Koha item type
      Journals RRII Library RRII Library RFLP 17/12/2021 Volume 36, Issue 3 Journals